GCSE DAFOREST Technique - Statistics

General Stats
  • This quiz has been taken 170 times
  • The average score is 4 of 8
Answer Stats
Letter Answer % Correct
A Alliteration
88%
D Direct Address
68%
F Facts
61%
S Statistics
45%
E Emotive Language
43%
O Opinions
41%
R Rhetorical Questions
38%
T Triplets
24%
No matching quizzes found
Score Distribution
Percent of People with Each Score
Percentile by Number Answered
Your Score History
You have not taken this quiz